| 000 | 00480cam a2200193 4500 | ||
|---|---|---|---|
| 001 | D2596 | ||
| 008 | 090401t1984 xxu||||| |||| 00| 0 eng d | ||
| 035 | _a(Sirsi) u69796 | ||
| 041 | _aeng | ||
| 050 | _a333.007 | ||
| 110 |
_aCommonwealth Association of Surveying and Land Economy _92570 |
||
| 245 | _aEducation for surveying and land economy | ||
| 250 | _a4th | ||
| 260 |
_aLondon _bCASLE _c1984 |
||
| 300 | _a40p. 30cm | ||
| 350 | _a0 | ||
| 942 | _n0 | ||
| 948 | _c04/03/1997 | ||
| 999 |
_c95233 _d95233 |
||